000 00448pab a2200145 454500
008 180718b1988 xxu||||| |||| 00| 0 eng d
100 _aHerber, Bernard P.
245 _aFederal income tax reform in the united states
_bHow did it happen? What did it? Where do we go from here?
260 _c1988
300 _a391-408
362 _aOct.
650 _aIncome Tax - U.S.A.
773 _aAmerican Journal of Economics and Sociology
909 _a10807
999 _c10807
_d10807